Priemysel v regiónoch z pohľadu efektívnosti

Štatistické vyhodnotenie efektívnosti sektoru priemyslu v jednotlivých okresoch SR, pričom dôraz je kladený na porovnanie v rámci dvoch období 2003 a 2007. Popis teoretických východísk a základnej metodológie, použitej pri aplikovaných analýzach. Výber adekvátnych a relevantných dát, na základe ktor...

ver descrição completa

Na minha lista:
Detalhes bibliográficos
Autor principal: Vojtková, Mária, 1966-
Formato: Capítulo de Livro
Idioma:eslovaco
Assuntos:
Tags: Adicionar Tag
Sem tags, seja o primeiro a adicionar uma tag!

MARC

LEADER 00000naa$a2200000$$$4500
001 0110285
005 20240502072220.5
041 0 |a slo 
044 |a SK 
245 1 0 |a Priemysel v regiónoch z pohľadu efektívnosti  |c Mária Vojtková 
520 |a Štatistické vyhodnotenie efektívnosti sektoru priemyslu v jednotlivých okresoch SR, pričom dôraz je kladený na porovnanie v rámci dvoch období 2003 a 2007. Popis teoretických východísk a základnej metodológie, použitej pri aplikovaných analýzach. Výber adekvátnych a relevantných dát, na základe ktorých by bolo možné analýzu vypracovať. Popis výsledkov jednorozmernej analýzy, ako aj hodnotenia na základe viacrozmerných štatistických metód, ktoré riešia porovnanie regiónov SR pomocou kombinácie viacerých parametrov efektívnosti priemyselnej činnosti. 
610 2 0 |a priemysel 
610 2 0 |a regióny 
610 2 0 |a analýzy 
610 2 0 |a efektívnosť 
610 2 0 |a Slovensko 
100 1 |a Vojtková, Mária, 1966-